000 00570nam a2200169Ia 4500
003 IN-BaIIA
008 211028s9999 xx s 000 0 eng d
020 _a9780819446145 (Print)
040 _cIIA Library
100 _aDressler, Alan, ed.
_929428
245 0 _aFuture Research Direction and Visions for Astronomy
_h[eBook]
260 _aWashington, USA
_bSPIE
_c2002
300 _aOnline resource
490 _aProceedings of SPIE; V. 4835
856 _uhttps://www.spiedigitallibrary.org/conference-proceedings-of-spie/4835
_yClick Here to Access eBook
942 _cEB
999 _c25599
_d25599